V pošumavském kraji

Další autoři: Pospíšil, Josef, 1951-
Jazyk: Čeština
Vydáno: Praha : Supraphon, 1982
Vydání: 1. vyd.
Edice: Sborník Supraphonu
Fyzický popis: 27 s.
Hudebniny Hudebniny
Uloženo v:
LEADER 00974ncm a22002652a 4500
001 000354598
003 CZ BrMZK
005 20100528094410.0
007 qu
008 010907s1982 xr f cze d
040 |a BOA001  |b cze 
072 7 |a 784  |x Vokální hudba  |2 Konspekt  |9 9 
245 0 0 |a V pošumavském kraji  |h [hudebnina] /  |c upravil Josef Pospíšil 
250 |a 1. vyd. 
260 |a Praha :  |b Supraphon,  |c 1982 
300 |a 27 s. 
490 1 |a Sborník Supraphonu ;  |v 113 
500 |a Značkovaný zpěv 
505 0 0 |t V pošumavském kraji --  |t Pošumavská kapela --  |t Smutný holoubek --  |t Na Mouřenci --  |t Hrádecký panenky --  |t Halali --  |t Na šoulačce --  |t Šumavo, Šumavo --  |t Myslivecká láska 
700 1 |a Pospíšil, Josef,  |d 1951-  |7 jx20040607018  |4 arr 
830 0 |a Sborník Supraphonu 
910 |a BOA001  |b Mus1-0856.453 
990 |a MU 
991 |b 201004 
996 6 |b 2619806416  |c Mus1-0856.453  |l MZK  |r Sklad / do 1 hodiny  |n 2  |w 000354598  |u 000010  |a 1  |e BOA001  |j MZK50  |s P